Study of HLA - Cw6 in psoriatic patients / (رقم التسجيلة. 13890)

تفاصيل مارك
000 -LEADER
fixed length control field 015360000a22003490004500
003 - CONTROL NUMBER IDENTIFIER
control field EG-GICUC
005 - DATE AND TIME OF LATEST TRANSACTION
control field 20250223025459.0
008 - FIXED-LENGTH DATA ELEMENTS--GENERAL INFORMATION
fixed length control field 081014s2008 ua dh f m 000 0 eng d
040 ## - CATALOGING SOURCE
Original cataloging agency EG-GICUC
Language of cataloging eng
Transcribing agency EG-GICUC
041 0# - LANGUAGE CODE
Language code of text/sound track or separate title Eng
049 ## - LOCAL HOLDINGS (OCLC)
Holding library Deposite
097 ## - Thesis Degree
Thesis Level M.Sc
099 ## - LOCAL FREE-TEXT CALL NUMBER (OCLC)
Classification number Cai01.11.10.M.Sc.2008.Ma.S
100 0# - MAIN ENTRY--PERSONAL NAME
Personal name Marwa Refaat Abdelhameed Oteafy
245 10 - TITLE STATEMENT
Title Study of HLA - Cw6 in psoriatic patients /
Statement of responsibility, etc. Marwa Refaat Abdelhameed Oteafy ; Supervised Ahmed Hany Abdelghany Weshahy , Heba Helmi Elhadidi , Mahmoud Fawzy Abdelhamied
246 15 - VARYING FORM OF TITLE
Title proper/short title دراسة HLA - Cwفى مرضى الصدفيه 6
260 ## - PUBLICATION, DISTRIBUTION, ETC.
Place of publication, distribution, etc. Cairo :
Name of publisher, distributor, etc. Marwa Refaat Abdelhameed Oteafy ,
Date of publication, distribution, etc. 2008
300 ## - PHYSICAL DESCRIPTION
Extent 102P. :
Other physical details charts , facsimiles ;
Dimensions 25cm
502 ## - DISSERTATION NOTE
Dissertation note Thesis (M.Sc.) - Cairo University - Faculty Of Medicine - Department Of Dermatology and Venerology
520 ## - SUMMARY, ETC.
Summary, etc. HLA - Cw6 is strongly expressed in psoriatic patients it has a strong influence on age of onset extent of involvement and severity of the disease however its presence in non psoriatic patients suggest that psoriasis is a multifactorial disease
530 ## - ADDITIONAL PHYSICAL FORM AVAILABLE NOTE
Additional physical form available note Issued also as CD
653 #4 - INDEX TERM--UNCONTROLLED
Uncontrolled term Dermatology and Venerology
653 #4 - INDEX TERM--UNCONTROLLED
Uncontrolled term HLA - Cw6
653 #4 - INDEX TERM--UNCONTROLLED
Uncontrolled term Psoriasis
700 0# - ADDED ENTRY--PERSONAL NAME
Personal name Ahmed Hany Abdelghany Weshahy ,
Relator term
700 0# - ADDED ENTRY--PERSONAL NAME
Personal name Heba Helmi Elhadidi ,
Relator term
700 0# - ADDED ENTRY--PERSONAL NAME
Personal name Mahmoud Fawzy Abdelhamied ,
Relator term
856 ## - ELECTRONIC LOCATION AND ACCESS
Uniform Resource Identifier <a href="http://172.23.153.220/th.pdf">http://172.23.153.220/th.pdf</a>
905 ## - LOCAL DATA ELEMENT E, LDE (RLIN)
Cataloger Enas
Reviser Cataloger
905 ## - LOCAL DATA ELEMENT E, LDE (RLIN)
Cataloger Mustafa
Reviser Revisor
942 ## - ADDED ENTRY ELEMENTS (KOHA)
Source of classification or shelving scheme Dewey Decimal Classification
Koha item type Thesis
المقتنيات
Source of classification or shelving scheme Not for loan Home library Current library Date acquired Full call number Barcode Date last seen Koha item type Copy number
Dewey Decimal Classification   المكتبة المركزبة الجديدة - جامعة القاهرة قاعة الرسائل الجامعية - الدور الاول 11.02.2024 Cai01.11.10.M.Sc.2008.Ma.S 01010110049846000 22.09.2023 Thesis  
Dewey Decimal Classification   المكتبة المركزبة الجديدة - جامعة القاهرة مخـــزن الرســائل الجـــامعية - البدروم 11.02.2024 Cai01.11.10.M.Sc.2008.Ma.S 01020110049846000 22.09.2023 CD - Rom 49846.CD
Cairo University Libraries Portal Implemented & Customized by: Eng. M. Mohamady Contacts: new-lib@cl.cu.edu.eg | cnul@cl.cu.edu.eg
CUCL logo CNUL logo
© All rights reserved — Cairo University Libraries
CUCL logo
Implemented & Customized by: Eng. M. Mohamady Contact: new-lib@cl.cu.edu.eg © All rights reserved — New Central Library
CNUL logo
Implemented & Customized by: Eng. M. Mohamady Contact: cnul@cl.cu.edu.eg © All rights reserved — Cairo National University Library